[Event "Collado Villalba op-B 36th"]
[Site "Collado Villalba"]
[Date "2019.08.25"]
[Round "3"]
[White "Martin Garcia, Luis"]
[Black "Medrano del Val, Julio"]
[Result "1/2-1/2"]
[WhiteElo "1649"]
[BlackElo "1789"]
[PlyCount "99"]
[EventDate "2019.08.23"]
[EventType "swiss"]
[EventRounds "9"]
[EventCountry "ESP"]
[SourceTitle "CBM 192 Extra"]
[Source "Chessbase"]
[SourceDate "2019.11.06"]
[SourceVersion "1"]
[SourceVersionDate "2019.11.06"]
[SourceQuality "1"]

1. e4 g6 2. d4 Bg7 3. Nc3 a6 4. Be3 d6 5. Qd2 b5 6. Bd3 Bb7 7. f3 Nd7 8. 0-0-0 Ngf6 9. h4 h5 10. Kb1 Nb6 11. Nh3 Nc4 12. Bxc4 bxc4 13. Nf4 e5 14. dxe5 dxe5 15. Qxd8+ Rxd8 16. Rxd8+ Kxd8 17. Rd1+ Kc8 18. Nfd5 Re8 19. Bg5 Ng8 20. Kc1 Re6 21. Nb6+ cxb6 22. Rd8+ Kc7 23. Rxg8 Bf6 24. Bxf6 Rxf6 25. Re8 Kd6 26. Nd5 Bxd5 27. Rd8+ Kc6 28. Rxd5 Re6 29. b3 cxb3 30. cxb3 Kc7 31. Kb2 f6 32. Rd3 Rd6 33. Kc2 Kc6 34. Rc3+ Kd7 35. b4 Rc6 36. Rxc6 Kxc6 37. Kb3 Kd6 38. Kc4 Kc6 39. a3 Kd6 40. Kc3 Ke6 41. Kc4 f5 42. a4 Kd6 43. g3 Kc6 44. Kd3 Kd6 45. Kc4 Kc6 46. Kd3 b5 47. a5 Kd6 48. Ke3 Ke6 49. f4 Kf6 50. Kf3 1/2-1/2

[Event "Collado Villalba op-B 36th"]
[Site "Collado Villalba"]
[Date "2019.08.24"]
[Round "2"]
[White "Medrano del Val, Julio"]
[Black "Paniagua Quinones, Carlos"]
[Result "1-0"]
[WhiteElo "1789"]
[BlackElo "1655"]
[PlyCount "61"]
[EventDate "2019.08.23"]
[EventType "swiss"]
[EventRounds "9"]
[EventCountry "ESP"]
[SourceTitle "CBM 192 Extra"]
[Source "Chessbase"]
[SourceDate "2019.11.06"]
[SourceVersion "1"]
[SourceVersionDate "2019.11.06"]
[SourceQuality "1"]

1. d4 Nf6 2. Nf3 g6 3. Bf4 Bg7 4. h3 d6 5. e3 0-0 6. Be2 b6 7. Nbd2 Bb7 8. 0-0 Nbd7 9. c3 Re8 10. a4 e5 11. dxe5 dxe5 12. Bh2 Qe7 13. Qc2 a5 14. Rad1 Rad8 15. Nc4 Bxf3 16. Bxf3 Qc5 17. Na3 e4 18. Be2 Ne5 19. Nb5 g5 20. Nd4 h5 21. Bxe5 Rxd4 22. exd4 Qd5 23. Bxc7 g4 24. hxg4 hxg4 25. Be5 Qe6 26. Bb5 Nd7 27. Bxg7 Kxg7 28. Bxd7 Qxd7 29. Qe2 Qf5 30. Qb5 Qg6 31. Qxe8 1-0

[Event "Collado Villalba 64 op 6th"]
[Site "Collado Villalba"]
[Date "2018.07.08"]
[Round "1"]
[White "Higuera De Frutos, Santiago"]
[Black "Medrano del Val, Julio"]
[Result "0-1"]
[WhiteElo "1210"]
[BlackElo "1828"]
[PlyCount "72"]
[EventDate "2018.07.08"]
[EventType "swiss"]
[EventRounds "7"]
[EventCountry "ESP"]
[SourceTitle "EXT 2019"]
[Source "ChessBase"]
[SourceDate "2018.10.10"]
[SourceVersion "1"]
[SourceVersionDate "2018.10.10"]
[SourceQuality "1"]

1. d4 Nf6 2. c4 c5 3. d5 b5 4. e3 bxc4 5. Nc3 d6 6. Bxc4 g6 7. Nge2 Bg7 8. 0-0 0-0 9. e4 Nbd7 10. f4 Nb6 11. Bb3 Ba6 12. e5 dxe5 13. fxe5 Bxe2 14. Qxe2 Nfxd5 15. Rd1 Nxc3 16. bxc3 Qc7 17. Bf4 c4 18. Bc2 Rad8 19. Rf1 e6 20. Rae1 Nd5 21. Rf3 Qa5 22. Qxc4 Rc8 23. Qd4 Nxf4 24. Qxf4 Rxc3 25. Rf2 Rxc2 26. Rc1 Rxf2 27. Qxf2 Qb6 28. Rc5 Rd8 29. h3 Rd1+ 30. Kh2 Bxe5+ 31. g3 Bd4 32. Rc8+ Kg7 33. Qe2 Bg1+ 34. Kg2 Qb7+ 35. Qf3 Rd2+ 36. Kxg1 Qxf3 0-1

[Event "Collado Villalba op-B 34th"]
[Site "Collado Villalba"]
[Date "2017.08.28"]
[Round "7"]
[White "Camarero Izquierdo, Juan Carlos"]
[Black "Medrano del Val, Julio"]
[Result "0-1"]
[WhiteElo "1844"]
[BlackElo "1823"]
[PlyCount "56"]
[EventDate "2017.08.22"]
[EventType "swiss"]
[EventRounds "9"]
[EventCountry "ESP"]
[SourceTitle "CBM 180 Extra"]
[Source "ChessBase"]
[SourceDate "2017.10.06"]
[SourceVersion "1"]
[SourceVersionDate "2017.10.06"]
[SourceQuality "1"]

1. d4 Nf6 2. Nc3 d5 3. Bg5 e6 4. e4 dxe4 5. Nxe4 Be7 6. Bxf6 gxf6 7. Nf3 f5 8. Ng3 Nd7 9. Bd3 Nf6 10. 0-0 0-0 11. c4 c6 12. Re1 Kh8 13. Qe2 Bb4 14. Red1 Rg8 15. Ne5 Qf8 16. Nh5 Nxh5 17. Qxh5 Rg7 18. Bf1 Bd6 19. Rd3 f6 20. Nf3 Rg6 21. Qh3 b6 22. Re1 Bd7 23. Nd2 Rh6 24. Qf3 Bxh2+ 25. Kh1 Bg3+ 26. Kg1 Rh1+ 27. Kxh1 Qh6+ 28. Kg1 Qh2# 0-1

[Event "Madrid San Viator op 22nd"]
[Site "Madrid"]
[Date "2014.05.11"]
[Round "6"]
[White "Medrano del Val, Julio"]
[Black "Fintineru Seuleanu, Antonio"]
[Result "1-0"]
[WhiteElo "1794"]
[BlackElo "1498"]
[PlyCount "63"]
[EventDate "2014.03.23"]
[EventType "swiss"]
[EventRounds "9"]
[EventCountry "ESP"]
[SourceTitle "EXT 2015"]
[Source "ChessBase"]
[SourceDate "2014.11.20"]
[SourceVersion "1"]
[SourceVersionDate "2014.11.20"]
[SourceQuality "1"]

1. d4 c6 2. c4 d5 3. Nc3 Nf6 4. Nf3 dxc4 5. e4 b5 6. g3 Bg4 7. Bg2 b4 8. e5 Nd5 9. Ne4 Nd7 10. 0-0 h6 11. Qc2 Bf5 12. Re1 N7b6 13. Nf6+ Nxf6 14. Qxf5 g6 15. Qc2 Nfd5 16. e6 f5 17. Ne5 Qc8 18. Nxg6 Rg8 19. Qxf5 Nf6 20. Nxf8 Kxf8 21. Bxh6+ Ke8 22. Rac1 Qb7 23. Bg5 Rf8 24. Qc5 Rc8 25. a3 b3 26. Bxf6 Rxf6 27. Re5 Rc7 28. Rh5 Rf8 29. Rh7 Qc8 30. Re1 Qb7 31. Qh5+ Kd8 32. Rh8 1-0

[Event "Collado Villalba op-A 26th"]
[Site "Collado Villalba"]
[Date "2009.08.24"]
[Round "4"]
[White "Medrano del Val, Julio"]
[Black "Zanoletty Garcia, David"]
[Result "1/2-1/2"]
[WhiteElo "1810"]
[BlackElo "2014"]
[PlyCount "66"]
[EventDate "2009.08.21"]
[EventType "swiss"]
[EventRounds "9"]
[EventCountry "ESP"]
[SourceTitle "CBM 132 Extra"]
[Source "ChessBase"]
[SourceDate "2009.11.03"]
[SourceVersion "1"]
[SourceVersionDate "2009.11.03"]
[SourceQuality "1"]

1. d4 d5 2. Nf3 e6 3. c4 Be7 4. g3 Nf6 5. Nc3 0-0 6. Bg2 b6 7. cxd5 exd5 8. Qc2 Bb7 9. 0-0 a6 10. Re1 Nbd7 11. Ng5 g6 12. e4 dxe4 13. Ngxe4 Nd5 14. Nxd5 Bxd5 15. Bf4 c6 16. Qd2 Nf6 17. Bh6 Re8 18. Nxf6+ Bxf6 19. Rxe8+ Qxe8 20. Bxd5 cxd5 21. Re1 Qa4 22. Be3 Rc8 23. b3 Qc6 24. g4 Qc2 25. Qb4 Qc3 26. Qxc3 Rxc3 27. Bh6 Rc8 28. g5 Bxd4 29. Rd1 Bc5 30. Rxd5 a5 31. Kg2 Re8 32. Rd7 Bb4 33. Rb7 Bc5 1/2-1/2

[Event "Collado Villalba op-A 26th"]
[Site "Collado Villalba"]
[Date "2009.08.23"]
[Round "3"]
[White "Gal, Eugen"]
[Black "Medrano del Val, Julio"]
[Result "0-1"]
[WhiteElo "1981"]
[BlackElo "1810"]
[PlyCount "70"]
[EventDate "2009.08.21"]
[EventType "swiss"]
[EventRounds "9"]
[EventCountry "ESP"]
[SourceTitle "CBM 132 Extra"]
[Source "ChessBase"]
[SourceDate "2009.11.03"]
[SourceVersion "1"]
[SourceVersionDate "2009.11.03"]
[SourceQuality "1"]

1. e4 c5 2. Nf3 Nc6 3. d4 cxd4 4. Nxd4 Nf6 5. Nc3 g6 6. Be3 d6 7. Be2 Bg7 8. g4 a6 9. h4 Qa5 10. Nb3 Qd8 11. Rg1 Nd7 12. Qd2 b5 13. Bh6 0-0 14. Bxg7 Kxg7 15. Nd5 Bb7 16. f4 e6 17. Qc3+ e5 18. 0-0-0 Rc8 19. Qh3 Ne7 20. Nxe7 Qxe7 21. Qd3 exf4 22. Qxd6 Qxd6 23. Rxd6 Bxe4 24. Rxd7 Rxc2+ 25. Kd1 Rxb2 26. Nd2 Rxa2 27. Nxe4 Ra1+ 28. Kd2 Rxg1 29. Ng5 Re8 30. Nxf7 Kf6 31. Nd8 Rg2 32. g5+ Kf5 33. Rf7+ Ke4 34. Nb7 Re5 35. Kd1 Ke3 0-1